Electronic devices and circuit theory (Record no. 131961)

000 -LEADER
fixed length control field 00364nam a2200121Ia 4500
008 - FIXED-LENGTH DATA ELEMENTS--GENERAL INFORMATION
fixed length control field 220120s9999||||xx |||||||||||||| ||und||
020 ## - INTERNATIONAL STANDARD BOOK NUMBER
International Standard Book Number 81-203-0156-0
100 ## - MAIN ENTRY--PERSONAL NAME
Personal name Boylestad, Robert, L Nashelsky, Louis
245 #0 - TITLE STATEMENT
Title Electronic devices and circuit theory
260 ## - PUBLICATION, DISTRIBUTION, ETC.
Place of publication, distribution, etc. Prentice hall of india
Name of publisher, distributor, etc. Pune
Date of publication, distribution, etc. 2002
300 ## - PHYSICAL DESCRIPTION
Extent XIX, 950p.
Other physical details 395
650 ## - SUBJECT ADDED ENTRY--TOPICAL TERM
Topical term or geographic name entry element NETWORK ANALYSIS
Holdings
Withdrawn status Lost status Source of classification or shelving scheme Damaged status Not for loan Collection code Home library Current library Shelving location Date acquired Barcode Date last seen Price effective from Koha item type
          Electronics and Communication Engineering Central Library Central Library Book Cart 01/20/2022 SC18 01/20/2022 01/20/2022 Scheduled Caste Book Bank

Powered by Koha